[Event "Katowice POL-HUN 10th"]
[Site "Katowice"]
[Date "2023.09.09"]
[Round "3"]
[White "Miranda Llanes, Yerisbel"]
[Black "Bogusz, Alan"]
[Result "1-0"]
[WhiteElo "2262"]
[BlackElo "1727"]
[PlyCount "87"]
[EventDate "2023.09.09"]
[EventType "swiss (rapid)"]
[EventRounds "9"]
[EventCountry "POL"]
[SourceTitle "CBM 216 Extra"]
[Source "ChessBase"]
[SourceDate "2023.11.30"]
[SourceVersion "1"]
[SourceVersionDate "2023.11.30"]
[SourceQuality "1"]

1. d4 Nf6 2. c4 g6 3. Nc3 Bg7 4. e4 d6 5. Nf3 0-0 6. Be2 Bg4 7. Be3 Nc6 8. 0-0 Bxf3 9. Bxf3 e5 10. d5 Ne7 11. b4 Ne8 12. Be2 f5 13. f3 Nf6 14. c5 f4 15. Bf2 g5 16. Rc1 Nc8 17. Qc2 a6 18. b5 a5 19. b6 cxb6 20. cxd6 Nxd6 21. Qb3 Nd7 22. Na4 Nc8 23. Bb5 Rf6 24. Rc7 Rd6 25. Rxb7 Bf8 26. Rc1 Rb8 27. Bxd7 Rxb7 28. Bxc8 Rc7 29. Rxc7 Qxc7 30. Qc3 Qxc3 31. Nxc3 Rd8 32. Be6+ Kg7 33. Bxb6 Ra8 34. a4 Kf6 35. Nb5 Bb4 36. Bf5 Ke7 37. Bc7 Kf6 38. d6 h5 39. h3 h4 40. Kf1 Kf7 41. Ke2 Kf6 42. Kd3 Ra6 43. d7 Be7 44. d8Q 1-0

[Event "Warsaw Chess op-A"]
[Site "Warsaw"]
[Date "2022.07.23"]
[Round "7"]
[White "Ciechanski, Jacenty"]
[Black "Bogusz, Alan"]
[Result "1/2-1/2"]
[WhiteElo "2192"]
[BlackElo "1794"]
[PlyCount "100"]
[EventDate "2022.07.18"]
[EventType "swiss"]
[EventRounds "9"]
[EventCountry "POL"]
[SourceTitle "CBM 209 Extra"]
[Source "ChessBase"]
[SourceDate "2022.09.30"]
[SourceVersion "1"]
[SourceVersionDate "2022.09.30"]
[SourceQuality "1"]

1. e4 c5 2. Nc3 d6 3. d4 cxd4 4. Qxd4 Nc6 5. Qd2 Nf6 6. b3 g6 7. Bb2 Bg7 8. 0-0-0 0-0 9. f4 Qa5 10. Kb1 a6 11. Be2 Rd8 12. Bf3 Bg4 13. Nge2 Bxf3 14. gxf3 e6 15. Ng3 d5 16. e5 Nd7 17. h4 Ne7 18. h5 Nf8 19. hxg6 fxg6 20. Qd3 Rac8 21. Rd2 Qb4 22. Rh4 Qc5 23. Rg2 Rd7 24. Na4 Qa5 25. Bc3 Qd8 26. Rgh2 b5 27. Nb2 a5 28. Be1 Rb7 29. a3 Qb6 30. Bf2 Qc6 31. Bd4 Rbc7 32. Nd1 Nf5 33. Nxf5 gxf5 34. Qd2 Qa6 35. Ne3 Ra8 36. Rh5 Qc8 37. Qg2 Qe8 38. Qh3 Bh8 39. Rg5+ Rg7 40. Rxg7+ Bxg7 41. Nf1 Qf7 42. Ng3 Rc8 43. Nh5 a4 44. b4 Rc4 45. c3 Ng6 46. Qg3 Bh8 47. Qg5 Qd7 48. Nf6+ Bxf6 49. Qxf6 Qe7 50. Qg5 Qxg5 1/2-1/2

[Event "Warsaw Chess op-A"]
[Site "Warsaw"]
[Date "2022.07.22"]
[Round "5"]
[White "Bogusz, Alan"]
[Black "Yunusov, Mukhammad"]
[Result "1/2-1/2"]
[WhiteElo "1794"]
[BlackElo "1874"]
[PlyCount "83"]
[EventDate "2022.07.18"]
[EventType "swiss"]
[EventRounds "9"]
[EventCountry "POL"]
[SourceTitle "CBM 209 Extra"]
[Source "ChessBase"]
[SourceDate "2022.09.30"]
[SourceVersion "1"]
[SourceVersionDate "2022.09.30"]
[SourceQuality "1"]

1. e4 c5 2. Nf3 e6 3. d4 cxd4 4. Nxd4 Nf6 5. Bd3 Nc6 6. Nxc6 bxc6 7. 0-0 d6 8. Nc3 e5 9. h3 Be7 10. Ne2 d5 11. Ng3 0-0 12. Qe2 Re8 13. b3 Bf8 14. Kh1 Qc7 15. Qf3 dxe4 16. Nxe4 Nxe4 17. Bxe4 Bb7 18. Bb2 g6 19. g4 Bg7 20. Ba3 Qa5 21. Bb2 Rab8 22. Rfd1 Qc7 23. Ba3 c5 24. c4 Bxe4 25. Qxe4 Qa5 26. Bc1 Rbd8 27. Rxd8 Qxd8 28. Be3 Qh4 29. Kg2 f5 30. Qd5+ Kh8 31. Rh1 fxg4 32. Bxc5 e4 33. Bd4 gxh3+ 34. Rxh3 Qg4+ 35. Rg3 Qe6 36. Bxg7+ Kxg7 37. Qxe6 Rxe6 38. Re3 Kf6 39. Kg3 Kf5 40. f3 exf3 41. Rxe6 Kxe6 42. Kxf3 1/2-1/2

[Event "EU-ch Rapid"]
[Site "Katowice"]
[Date "2021.12.18"]
[Round "1"]
[White "Pultinevicius, Paulius"]
[Black "Bogusz, Alan"]
[Result "1-0"]
[WhiteElo "2546"]
[BlackElo "1731"]
[PlyCount "77"]
[EventDate "2021.12.18"]
[EventType "swiss (rapid)"]
[EventRounds "11"]
[EventCountry "POL"]
[SourceTitle "CBM 205 Extra"]
[Source "ChessBase"]
[SourceDate "2022.01.31"]
[SourceVersion "1"]
[SourceVersionDate "2022.01.31"]
[SourceQuality "1"]

1. c4 c5 2. Nf3 Nc6 3. Nc3 d6 4. e3 Nf6 5. d4 cxd4 6. exd4 a6 7. d5 Nb8 8. h3 g6 9. Be3 Nbd7 10. Be2 Bg7 11. 0-0 0-0 12. Rc1 b6 13. Nd4 Bb7 14. b4 Rc8 15. Qb3 Re8 16. Rfd1 Qc7 17. a4 Qb8 18. Qa2 Qa8 19. Bf1 Kh8 20. a5 bxa5 21. Qxa5 e6 22. dxe6 fxe6 23. c5 dxc5 24. bxc5 Rxc5 25. Qa2 Nd5 26. Nxd5 Bxd5 27. Qd2 Rxc1 28. Rxc1 Rc8 29. Re1 e5 30. Bh6 Bf6 31. Nc2 Be6 32. Ne3 Qc6 33. Ra1 Nc5 34. Rc1 Qd7 35. Qa5 Nb3 36. Rxc8+ Qxc8 37. Qb6 Nc5 38. Bc4 Bxc4 39. Qxf6+ 1-0

[Event "EU-ch Hybrid U16"]
[Site "Tornelo INT"]
[Date "2021.10.15"]
[Round "1"]
[White "Bogusz, Alan"]
[Black "Aguado Doncel, Pablo Luis"]
[Result "0-1"]
[WhiteElo "1712"]
[BlackElo "2135"]
[PlyCount "74"]
[EventDate "2021.10.15"]
[EventType "swiss"]
[EventRounds "9"]
[EventCountry "NET"]
[SourceTitle "EXT 2023"]
[Source "ChessBase"]
[SourceDate "2022.10.05"]
[SourceVersion "1"]
[SourceVersionDate "2022.10.05"]
[SourceQuality "1"]
[WhiteTeam "Poland"]
[BlackTeam "Spain"]
[WhiteTeamCountry "POL"]
[BlackTeamCountry "ESP"]

1. e4 c5 2. Nf3 Nc6 3. d4 cxd4 4. Nxd4 g6 5. c4 Nf6 6. Nc3 Nxd4 7. Qxd4 d6 8. Be2 Bg7 9. Be3 0-0 10. Qd2 Be6 11. Rc1 Qa5 12. 0-0 Rfc8 13. b3 a6 14. f3 b5 15. Nd5 Qxd2 16. Bxd2 Bxd5 17. cxd5 Nd7 18. Kf2 Bb2 19. Rxc8+ Rxc8 20. Bd3 e6 21. dxe6 fxe6 22. f4 e5 23. g3 Nc5 24. Bb1 Ne6 25. Be3 Bd4 26. Bxd4 Nxd4 27. Ke3 Rc3+ 28. Bd3 Kg7 29. Kd2 b4 30. g4 a5 31. f5 gxf5 32. exf5 d5 33. f6+ Kf7 34. Bxh7 e4 35. Kd1 e3 36. Rf4 e2+ 37. Kd2 Rc1 0-1

[Event "EU-ch Hybrid U16"]
[Site "Tornelo INT"]
[Date "2021.10.15"]
[Round "6"]
[White "Guler, Muhammed Talha"]
[Black "Bogusz, Alan"]
[Result "1/2-1/2"]
[WhiteElo "1802"]
[BlackElo "1712"]
[PlyCount "33"]
[EventDate "2021.10.15"]
[EventType "swiss"]
[EventRounds "9"]
[EventCountry "NET"]
[SourceTitle "EXT 2023"]
[Source "ChessBase"]
[SourceDate "2022.10.05"]
[SourceVersion "1"]
[SourceVersionDate "2022.10.05"]
[SourceQuality "1"]
[WhiteTeam "Turkey"]
[BlackTeam "Poland"]
[WhiteTeamCountry "TUR"]
[BlackTeamCountry "POL"]

1. d4 Nf6 2. c4 g6 3. Nc3 Bg7 4. e4 d6 5. Be2 0-0 6. Bg5 Qe8 7. e5 dxe5 8. dxe5 Nfd7 9. Nd5 Bxe5 10. Bxe7 c6 11. Bxf8 Nxf8 12. Ne3 Bxb2 13. Rb1 Bc3+ 14. Kf1 Na6 15. Nf3 Nc5 16. Qc2 Bg7 17. h4 1/2-1/2

[Event "POL-chT U20"]
[Site "Kudowa Zdroj"]
[Date "2018.07.27"]
[Round "7.22"]
[White "Rak, Jacek"]
[Black "Bogusz, Alan"]
[Result "0-1"]
[WhiteElo "1457"]
[BlackElo "1637"]
[PlyCount "74"]
[EventDate "2018.07.21"]
[EventType "team-tourn"]
[EventRounds "9"]
[EventCountry "POL"]
[SourceTitle "CBM 186 Extra"]
[Source "ChessBase"]
[SourceDate "2018.08.24"]
[SourceVersion "1"]
[SourceVersionDate "2018.08.24"]
[SourceQuality "1"]

1. e4 c5 2. Nf3 d6 3. d4 cxd4 4. Nxd4 Nf6 5. Nc3 a6 6. Be3 e5 7. Nb3 Be6 8. Be2 Be7 9. 0-0 0-0 10. f4 exf4 11. Bxf4 Nc6 12. Kh1 Ne5 13. Qe1 Nfd7 14. Rd1 b5 15. a3 Qc7 16. Nd4 Rad8 17. Nd5 Bxd5 18. exd5 Bf6 19. c3 Ng6 20. Bg3 Bxd4 21. Rxd4 Nge5 22. Qd2 g6 23. Bf4 f6 24. h4 Nc5 25. Qc2 Rf7 26. Rdd1 Ncd7 27. g4 Re8 28. Rg1 Rfe7 29. g5 f5 30. Rg2 Nc5 31. Rh2 Ne4 32. Bd3 Ng4 33. Rg2 Qb6 34. Rf1 Qc5 35. Bxe4 Rxe4 36. Qd2 Qc4 37. b4 Qxf1+ 0-1

[Event "POL-chT U20"]
[Site "Kudowa Zdroj"]
[Date "2018.07.24"]
[Round "4.4"]
[White "Bogusz, Alan"]
[Black "Wieczorek, Mikolaj"]
[Result "0-1"]
[WhiteElo "1637"]
[BlackElo "1651"]
[PlyCount "112"]
[EventDate "2018.07.21"]
[EventType "team-tourn"]
[EventRounds "9"]
[EventCountry "POL"]
[SourceTitle "CBM 186 Extra"]
[Source "ChessBase"]
[SourceDate "2018.08.24"]
[SourceVersion "1"]
[SourceVersionDate "2018.08.24"]
[SourceQuality "1"]

1. e4 c5 2. Nf3 Nc6 3. d4 cxd4 4. Nxd4 Nf6 5. Nc3 e5 6. Ndb5 d6 7. Bg5 a6 8. Na3 b5 9. Nd5 Be7 10. Bxf6 Bxf6 11. c3 Rb8 12. Nc2 Bg5 13. Bd3 0-0 14. 0-0 Be6 15. Nce3 Ne7 16. Bc2 Bxe3 17. Nxe3 g6 18. Bb3 a5 19. Bd5 Nxd5 20. Nxd5 f5 21. Qd3 f4 22. f3 Kg7 23. Rad1 h5 24. Rf2 g5 25. h3 g4 26. hxg4 hxg4 27. Kf1 Rh8 28. Ke1 Qh4 29. Ke2 g3 30. Rff1 Qh2 31. Rg1 Bh3 32. Nxf4 exf4 33. Qxd6 Rbf8 34. Qe5+ Rf6 35. Qg5+ Kf7 36. e5 Rg6 37. Qxf4+ Kg7 38. Qd4 Be6 39. Qa7+ Bf7 40. Rd7 Rf8 41. Qd4 Kg8 42. b3 Re8 43. f4 Rf6 44. Kd2 Rf5 45. Rd6 Qh4 46. Ke3 Qg4 47. Rh1 Bh5 48. Qd5+ Rf7 49. Rf6 Qe2+ 50. Kd4 Qf2+ 51. Kd3 Be2+ 52. Kc2 Bc4+ 53. Qd2 Rxf6 54. bxc4 Rxf4 55. cxb5 Rxe5 56. Kc1 Qxd2+ 0-1

[Event "EU-ch U10 26th"]
[Site "Prague"]
[Date "2016.08.27"]
[Round "9"]
[White "Yudin, Mikhail"]
[Black "Bogusz, Alan"]
[Result "0-1"]
[WhiteElo "1530"]
[BlackElo "1428"]
[PlyCount "138"]
[EventDate "2016.08.18"]
[EventType "swiss"]
[EventRounds "9"]
[EventCountry "CZE"]
[SourceTitle "CBM 174 Extra"]
[Source "ChessBase"]
[SourceDate "2016.10.10"]
[SourceVersion "1"]
[SourceVersionDate "2016.10.10"]
[SourceQuality "1"]

1. e4 c5 2. Nf3 d6 3. d4 cxd4 4. Nxd4 Nf6 5. Nc3 a6 6. Be2 e5 7. Nf3 Be7 8. Bg5 Be6 9. a4 Qc7 10. h3 Nbd7 11. 0-0 0-0 12. Be3 Rfd8 13. a5 Nc5 14. b4 Ncd7 15. Nd5 Bxd5 16. exd5 Rdc8 17. c4 Qd8 18. Nh2 Ne4 19. Bd3 f5 20. Qb1 Nef6 21. Qb3 e4 22. Be2 Ne5 23. Bf4 Nfd7 24. f3 exf3 25. Nxf3 Nxf3+ 26. Bxf3 g5 27. Be3 Bf6 28. Rac1 Ne5 29. Bb6 Qd7 30. Be2 Bd8 31. Bd4 Bf6 32. Ba1 Bg7 33. Bd3 f4 34. Qb1 h6 35. Bf5 Qd8 36. Bxc8 Rxc8 37. Bxe5 Bxe5 38. Qe4 Qf6 39. Rfe1 Bd4+ 40. Kh1 Be3 41. Rc2 Kg7 42. Qd3 g4 43. Qe2 h5 44. Rf1 Rf8 45. Qd1 Qf5 46. Re2 Qc8 47. Rc2 Rf7 48. Qa1+ Kg8 49. Qd1 Rg7 50. Qe1 Rg5 51. Qh4 Qf5 52. Re2 Qg6 53. Qe1 gxh3 54. gxh3 Rg3 55. Kh2 Qf5 56. Qxg3+ fxg3+ 57. Kg2 Qe4+ 58. Rf3 h4 59. Rexe3 Qc2+ 60. Kf1 Qd1+ 61. Kg2 Qd2+ 62. Kf1 Qh2 63. Re8+ Kg7 64. Re7+ Kg6 65. Re6+ Kg5 66. Ref6 g2+ 67. Ke2 g1Q+ 68. Kd3 Qb1+ 69. Kc3 Qhb2# 0-1

[Event "EU-ch U10 26th"]
[Site "Prague"]
[Date "2016.08.26"]
[Round "8"]
[White "Bogusz, Alan"]
[Black "Akin, Yagiz Cinar"]
[Result "1/2-1/2"]
[WhiteElo "1428"]
[BlackElo "1607"]
[PlyCount "85"]
[EventDate "2016.08.18"]
[EventType "swiss"]
[EventRounds "9"]
[EventCountry "CZE"]
[SourceTitle "CBM 174 Extra"]
[Source "ChessBase"]
[SourceDate "2016.10.10"]
[SourceVersion "1"]
[SourceVersionDate "2016.10.10"]
[SourceQuality "1"]

1. e4 c5 2. Nf3 Nc6 3. d4 cxd4 4. Nxd4 e5 5. Nb5 a6 6. Nd6+ Bxd6 7. Qxd6 Qe7 8. Qc7 d6 9. Qb6 Nf6 10. Nc3 h6 11. Bd3 0-0 12. 0-0 Be6 13. Qe3 Nd4 14. Ne2 Nxe2+ 15. Qxe2 d5 16. b3 Rac8 17. Bb2 d4 18. a4 Qc7 19. Rac1 Qa5 20. Ba3 Rfe8 21. Bb2 Rc6 22. h3 Rd8 23. f4 Rdc8 24. f5 Bd7 25. g4 Nh7 26. h4 Qd8 27. Qh2 Qf6 28. Rce1 Kf8 29. Bc1 Ke7 30. Bb2 Kd8 31. Rd1 R8c7 32. b4 Rb6 33. Ba3 Bxa4 34. Rd2 Bb5 35. Rff2 Bxd3 36. Rxd3 Rbc6 37. Bb2 Rc4 38. c3 Kc8 39. Rc2 dxc3 40. Rdxc3 Qb6+ 41. Kh1 Rxc3 42. Rxc3 Rxc3 43. Bxc3 1/2-1/2

[Event "Liberec op 16th"]
[Site "Liberec"]
[Date "2016.02.15"]
[Round "3"]
[White "Klucznik, Andre"]
[Black "Bogusz, Alan"]
[Result "1-0"]
[WhiteElo "1832"]
[BlackElo "1572"]
[PlyCount "63"]
[EventDate "2016.02.13"]
[EventType "swiss"]
[EventRounds "9"]
[EventCountry "CZE"]
[SourceTitle "CBM 170 Extra"]
[Source "ChessBase"]
[SourceDate "2016.02.25"]
[SourceVersion "1"]
[SourceVersionDate "2016.02.25"]
[SourceQuality "1"]

1. Nf3 Nf6 2. b3 g6 3. Bb2 Bg7 4. g3 0-0 5. Bg2 d5 6. 0-0 c5 7. d4 cxd4 8. Bxd4 e6 9. Nbd2 Nc6 10. Bb2 a6 11. Ne5 Nxe5 12. Bxe5 Nd7 13. Bxg7 Kxg7 14. Nf3 Nf6 15. Qd4 Qc7 16. Rac1 b5 17. Ne5 Bb7 18. Ng4 Qe7 19. c4 h5 20. Ne5 dxc4 21. Bxb7 Qxb7 22. bxc4 bxc4 23. Rxc4 Rad8 24. Qc3 Rc8 25. Rc1 Rxc4 26. Qxc4 Rd8 27. Qc6 Qxc6 28. Rxc6 Nd7 29. Rd6 Nxe5 30. Rxd8 Nc6 31. Ra8 Nb4 32. a3 1-0